Permainan kreatif untuk guru dan jurulatih

Bibliographic Details
Main Author: Mohd. Azhar Abd. Hamid
Corporate Author: Title
Other Authors: Mohd. Nasir Markom, Othman Kassim
Format: Book
Published: Selangor : PTS Professional Publishing , 2005
Subjects:

MARC

LEADER 00000cam a2200000 7i4500
001 0000012036
005 20071126.0
008 071123
020 |a 983358540X 
090 0 0 |a 153.35   |b MOH 
100 0 |a Mohd. Azhar Abd. Hamid 
245 1 0 |a Permainan kreatif untuk guru dan jurulatih   |c Mohd. Azhar Abd. Hamid, Mohd. Nasir Markom, Othman Kassim 
260 |a Selangor :   |b PTS Professional Publishing ,   |c 2005 
650 0 |a Creation (literacy, artistic, etc) 
650 0 |a Creative ability 
650 0 |a Educational games 
650 0 |a Malay fiction 
700 0 |a Mohd. Nasir Markom 
700 0 |a Othman Kassim 
710 0 |a Title 
999 |a 0000922045   |b Book   |c Adult Collection   |e Cawangan Bukit Gambir 
999 |a 0000922046   |b Book   |c Adult Collection   |e Cawangan Bukit Gambir 
999 |a 0000933526   |b Book   |c Adult Collection   |e Cawangan Tangkak 
999 |a 0000933527   |b Book   |c Adult Collection   |e Cawangan Tangkak 
999 |a 0000933528   |b Book   |c Adult Collection   |e Cawangan Tangkak 
999 |a 0001004451   |b Book   |c Adult Collection   |e Perbadanan Perpustakaan Awam Johor 
999 |a 0001004453   |b Book   |c Adult Collection   |e Cawangan Bukit Gambir 
999 |a 0001004454   |b Book   |c Adult Collection   |e Perbadanan Perpustakaan Awam Johor